000 00728 a2200241 4500
005 20260414084800.0
008 260414b |||||||| |||| 00| 0 eng d
020 _a9781786436801
040 _aLC
_cUNZA
_eRDA
050 _aK 7040
_bHAY 2018.
100 _aHay, Peter
_eauthor
245 _aAdvanced Introduction to Private International Law and Procedure /
_cPeter Hay.
260 _bEdward Elgar Publishing :
_c2018.
_a Cheltenham,
300 _axi, 147 pages :
336 _aText
337 _aUnmediated
338 _aVolume
504 _aIncludes bibliographical references and index.
650 _aConflict of laws
650 _aConflict of laws
_xCivil procedure
650 _aProcedure (Law)
942 _cBOOK
999 _c216578
_d216578